000 01196cam a22003134a 4500
001 12275894
003 ARRUPE
005 20211102111604.0
008 010110s2001 mou b 000 0 eng
010 _a 2001086292
020 _a1880810417
040 _aDLC
_cD
_dDLCLC
042 _apcc
050 0 0 _aBX3704.Z5
_bJ35 2001
082 0 0 _a255/.5302
_221
100 1 _aJaer, André de.
_950909
245 1 0 _aTogether for mission :
_ba spiritual commentary on the constitutions of the Society of Jesus /
_cAndré de Jaer ; translated by Francis C. Brennan.
260 _aSaint Louis, MO :
_bInstitute of Jesuit Sources,
_cc2001.
300 _aix, 197 p. ;
_c21 cm.
440 0 _aSeries II--Modern scholarly studies about the Jesuits, in English translations ;
_vno. 18
_950910
504 _aIncludes bibliographical references (p. 195-197).
610 2 0 _aJesuits.
_tConstitutiones.
_950911
610 2 0 _aJesuits
_vRules.
_950912
610 2 0 _aJesuits
_xSpiritual life.
_950913
700 1 _aBrennan, Francis C.
_950914
906 _a7
_bcbc
_corignew
_d2
_eepcn
_f20
_gy-gencatlg
942 _2lcc
_cMONOGRAPH
999 _c131077
_d131077